| 000 | 00679nam a2200253 a 4500 | ||
|---|---|---|---|
| 001 | nice12345678 | ||
| 003 | IN_TiNIC | ||
| 005 | 20260116013302.0 | ||
| 008 | 050524s1997 dela grp 000 0 eng | ||
| 020 |
_a _c150 |
||
| 082 | 0 | 0 |
_a291.172 _bLAW |
| 100 | _aLawrence, Chellaian | ||
| 245 |
_aJesus as Prophet in Christianity and Islam _b Model for Inter Faith Dialogue. |
||
| 260 |
_aDelhi _bISPCK _c1997 |
||
| 300 | _a425p. | ||
| 500 | _aincludes index and biblioraphy | ||
| 505 | 2 | _aBibliography | |
| 650 | _aReconciliation-Interfaith Chri Musl | ||
| 650 | _aJesus Christ | ||
| 700 | 1 | _aLawrence, Chellaian | |
| 902 | _bSRS | ||
| 942 | _cBK | ||
| 999 |
_c10409 _d10409 |
||